| 000 | 00553nam a2200181 4500 | ||
|---|---|---|---|
| 001 | 137192 | ||
| 003 | ES-MaACL | ||
| 005 | 20230906195328.0 | ||
| 007 | t| | ||
| 008 | 070214s1952 sp r ||||1| spa d | ||
| 100 | 1 |
_aSalvat Espasa, Manuel. _9102120 |
|
| 245 | 1 | 0 |
_aDe la inoculación a la tisis / _cManuel Salvat Espasa ; prólogo de Ignacio Blajot Pena. |
| 250 | _a1ª. ed. | ||
| 260 |
_aBarcelona : _bSalvat, _c1952. |
||
| 300 |
_aXIV, 227 p. : _bil. ; _c26 cm. |
||
| 700 | 1 |
_aBlajot Pena, Ignacio. _929096 |
|
| 852 |
_aES-MaACL _jD-7331 _bR.32145 |
||
| 999 |
_c137192 _d137192 |
||